عرض عادي
عرض مارك
- Martin, Kenneth W.
مدخل إسم شخص
001 - رقم الضبط
- حقل الضبط: 116074
003 - معرف رقم الضبط
- حقل الضبط: OSt
005 - تاريخ ووقت أخر عملية
- حقل الضبط: 20230109105744.0
008 - عناصر بيانات ثابتة الطول
- حقل تحكم ثابت الطول: 230109|| aca||aabn | a|a d
040 ## - مصدر الفهرسة
- هيئة الفهرسة الأصلية: OSt
- وكالة الكتابة: OSt
100 ## - مدخل -- أسم شخص
- إسم شخص: Martin, Kenneth W.
- الشكل الكامل للاسم: (Kenneth William),
- تواريخ مرتبطة بالاسم: 1952-
670 ## - بيانات المصدر موجوده
- الاستشهاد بالمصدر: Work cat.: (OSt)0: Carusone, Tony Chan 116070, Analog integrated circuit design /, c2012
